000
00304nam a2200133Ia 4500
005
20251222143121.0
008
251222s9999||||xx |||||||||||||| ||spa||
020
_a
84-350-1618-8
082
_a
828.9/G77
100
_a
Graves, Roberto
245
0
_a
El Vellocino de Oro
264
_b
Edhasa
942
_c
LIB
999
_c
11555
_d
11555